The review of financial studies (Record no. 38731)

MARC details
000 -LEADER
fixed length control field 00452nam a2200157Ia 4500
022 ## - INTERNATIONAL STANDARD SERIAL NUMBER
ISSN 08939454
050 ## - CALL MARK
Classification number HG 1 .R45/
245 #4 - TITLE STATEMENT
Title The review of financial studies
260 ## - PUBLICATION, DISTRIBUTION, ETC. (IMPRINT)
Name of publisher Oxford University Press
260 ## - PUBLICATION, DISTRIBUTION, ETC. (IMPRINT)
Year of publication 2006
300 ## - PHYSICAL DESCRIPTION
Number of Pages volumes , 3195 p. : illustrations ; 23 cm.
650 ## - SUBJECT ADDED ENTRY--TOPICAL TERM
Topical Term Finance--Periodicals. Finance--United States--Periodicals.
942 ## - ADDED ENTRY ELEMENTS (KOHA)
Koha item type Serials

No items available.